<?xml version="1.0" encoding="UTF-8"?>
<record
    xmlns:xsi="http://www.w3.org/2001/XMLSchema-instance"
    xsi:schemaLocation="http://www.loc.gov/MARC21/slim http://www.loc.gov/standards/marcxml/schema/MARC21slim.xsd"
    xmlns="http://www.loc.gov/MARC21/slim">

  <leader>00352nam a2200145Ia 4500</leader>
  <controlfield tag="008">191201s2006    xx            000 0 und d</controlfield>
  <datafield tag="082" ind1=" " ind2=" ">
    <subfield code="a">005.74</subfield>
    <subfield code="b">SID</subfield>
  </datafield>
  <datafield tag="100" ind1=" " ind2=" ">
    <subfield code="a">SILBERSCHATZ, Abraham ,Korth</subfield>
  </datafield>
  <datafield tag="245" ind1=" " ind2="0">
    <subfield code="a">Database System Concepts</subfield>
  </datafield>
  <datafield tag="250" ind1=" " ind2=" ">
    <subfield code="a">5th Rep</subfield>
  </datafield>
  <datafield tag="260" ind1=" " ind2=" ">
    <subfield code="a">N.Delhi</subfield>
    <subfield code="b">MGH</subfield>
    <subfield code="c">2006</subfield>
  </datafield>
  <datafield tag="300" ind1=" " ind2=" ">
    <subfield code="a">1142</subfield>
  </datafield>
  <datafield tag="650" ind1=" " ind2=" ">
    <subfield code="a">B.Tech(CSE)</subfield>
  </datafield>
  <datafield tag="942" ind1=" " ind2=" ">
    <subfield code="2">ddc</subfield>
    <subfield code="c">BK</subfield>
  </datafield>
  <datafield tag="999" ind1=" " ind2=" ">
    <subfield code="c">4608</subfield>
    <subfield code="d">4608</subfield>
  </datafield>
  <datafield tag="952" ind1=" " ind2=" ">
    <subfield code="0">0</subfield>
    <subfield code="1">0</subfield>
    <subfield code="2">ddc</subfield>
    <subfield code="4">0</subfield>
    <subfield code="7">0</subfield>
    <subfield code="8">BTECHCSE</subfield>
    <subfield code="a">PIET</subfield>
    <subfield code="b">PIET</subfield>
    <subfield code="d">2010-07-29</subfield>
    <subfield code="e">The book company</subfield>
    <subfield code="g">10.00</subfield>
    <subfield code="k">2171</subfield>
    <subfield code="l">0</subfield>
    <subfield code="o">005.74 SID</subfield>
    <subfield code="p">16093</subfield>
    <subfield code="r">2019-12-04 00:00:00</subfield>
    <subfield code="w">2010-07-19</subfield>
    <subfield code="y">BK</subfield>
  </datafield>
  <datafield tag="952" ind1=" " ind2=" ">
    <subfield code="0">0</subfield>
    <subfield code="1">0</subfield>
    <subfield code="2">ddc</subfield>
    <subfield code="4">0</subfield>
    <subfield code="7">0</subfield>
    <subfield code="8">BTECHCSE</subfield>
    <subfield code="a">PIET</subfield>
    <subfield code="b">PIET</subfield>
    <subfield code="d">2010-07-29</subfield>
    <subfield code="e">The book company</subfield>
    <subfield code="g">10.00</subfield>
    <subfield code="k">2171</subfield>
    <subfield code="l">1</subfield>
    <subfield code="o">005.74 SID</subfield>
    <subfield code="p">16094</subfield>
    <subfield code="r">2024-12-03 00:00:00</subfield>
    <subfield code="s">2024-11-19</subfield>
    <subfield code="w">2010-07-19</subfield>
    <subfield code="y">BK</subfield>
  </datafield>
  <datafield tag="952" ind1=" " ind2=" ">
    <subfield code="0">0</subfield>
    <subfield code="1">0</subfield>
    <subfield code="2">ddc</subfield>
    <subfield code="4">0</subfield>
    <subfield code="7">0</subfield>
    <subfield code="8">BTECHCSE</subfield>
    <subfield code="a">PIET</subfield>
    <subfield code="b">PIET</subfield>
    <subfield code="d">2010-07-29</subfield>
    <subfield code="e">The book company</subfield>
    <subfield code="g">10.00</subfield>
    <subfield code="k">2171</subfield>
    <subfield code="l">2</subfield>
    <subfield code="o">005.74 SID</subfield>
    <subfield code="p">16095</subfield>
    <subfield code="r">2023-05-08 00:00:00</subfield>
    <subfield code="s">2023-04-25</subfield>
    <subfield code="w">2010-07-19</subfield>
    <subfield code="y">BK</subfield>
  </datafield>
  <datafield tag="952" ind1=" " ind2=" ">
    <subfield code="0">0</subfield>
    <subfield code="1">0</subfield>
    <subfield code="2">ddc</subfield>
    <subfield code="4">0</subfield>
    <subfield code="7">0</subfield>
    <subfield code="8">BTECHCSE</subfield>
    <subfield code="a">PIET</subfield>
    <subfield code="b">PIET</subfield>
    <subfield code="d">2010-07-29</subfield>
    <subfield code="e">The book company</subfield>
    <subfield code="g">10.00</subfield>
    <subfield code="k">2171</subfield>
    <subfield code="l">1</subfield>
    <subfield code="o">005.74 SID</subfield>
    <subfield code="p">16096</subfield>
    <subfield code="r">2022-03-31 00:00:00</subfield>
    <subfield code="s">2022-03-16</subfield>
    <subfield code="w">2010-07-19</subfield>
    <subfield code="y">BK</subfield>
  </datafield>
  <datafield tag="952" ind1=" " ind2=" ">
    <subfield code="0">0</subfield>
    <subfield code="1">0</subfield>
    <subfield code="2">ddc</subfield>
    <subfield code="4">0</subfield>
    <subfield code="7">0</subfield>
    <subfield code="8">BTECHCSE</subfield>
    <subfield code="a">PIET</subfield>
    <subfield code="b">PIET</subfield>
    <subfield code="d">2010-07-29</subfield>
    <subfield code="e">The book company</subfield>
    <subfield code="g">10.00</subfield>
    <subfield code="k">2171</subfield>
    <subfield code="l">2</subfield>
    <subfield code="o">005.74 SID</subfield>
    <subfield code="p">16097</subfield>
    <subfield code="r">2023-06-30 00:00:00</subfield>
    <subfield code="s">2023-06-28</subfield>
    <subfield code="w">2010-07-19</subfield>
    <subfield code="y">BK</subfield>
  </datafield>
  <datafield tag="952" ind1=" " ind2=" ">
    <subfield code="0">0</subfield>
    <subfield code="1">0</subfield>
    <subfield code="2">ddc</subfield>
    <subfield code="4">0</subfield>
    <subfield code="7">0</subfield>
    <subfield code="8">BTECHCSE</subfield>
    <subfield code="a">PIET</subfield>
    <subfield code="b">PIET</subfield>
    <subfield code="d">2010-07-29</subfield>
    <subfield code="e">The book company</subfield>
    <subfield code="g">10.00</subfield>
    <subfield code="k">2171</subfield>
    <subfield code="l">0</subfield>
    <subfield code="o">005.74 SID</subfield>
    <subfield code="p">16098</subfield>
    <subfield code="r">2019-12-04 00:00:00</subfield>
    <subfield code="w">2010-07-19</subfield>
    <subfield code="y">BK</subfield>
  </datafield>
  <datafield tag="952" ind1=" " ind2=" ">
    <subfield code="0">0</subfield>
    <subfield code="1">0</subfield>
    <subfield code="2">ddc</subfield>
    <subfield code="4">0</subfield>
    <subfield code="7">0</subfield>
    <subfield code="8">BTECHCSE</subfield>
    <subfield code="a">PIET</subfield>
    <subfield code="b">PIET</subfield>
    <subfield code="d">2010-07-29</subfield>
    <subfield code="e">The book company</subfield>
    <subfield code="g">10.00</subfield>
    <subfield code="k">2171</subfield>
    <subfield code="l">0</subfield>
    <subfield code="o">005.74 SID</subfield>
    <subfield code="p">16099</subfield>
    <subfield code="r">2019-12-04 00:00:00</subfield>
    <subfield code="w">2010-07-19</subfield>
    <subfield code="y">BK</subfield>
  </datafield>
  <datafield tag="952" ind1=" " ind2=" ">
    <subfield code="0">0</subfield>
    <subfield code="1">0</subfield>
    <subfield code="2">ddc</subfield>
    <subfield code="4">0</subfield>
    <subfield code="7">0</subfield>
    <subfield code="8">BTECHCSE</subfield>
    <subfield code="a">PIET</subfield>
    <subfield code="b">PIET</subfield>
    <subfield code="d">2010-07-29</subfield>
    <subfield code="e">The book company</subfield>
    <subfield code="g">10.00</subfield>
    <subfield code="k">2171</subfield>
    <subfield code="l">1</subfield>
    <subfield code="o">005.74 SID</subfield>
    <subfield code="p">16100</subfield>
    <subfield code="r">2024-04-22 00:00:00</subfield>
    <subfield code="s">2024-04-12</subfield>
    <subfield code="w">2010-07-19</subfield>
    <subfield code="y">BK</subfield>
  </datafield>
  <datafield tag="952" ind1=" " ind2=" ">
    <subfield code="0">0</subfield>
    <subfield code="1">0</subfield>
    <subfield code="2">ddc</subfield>
    <subfield code="4">0</subfield>
    <subfield code="7">0</subfield>
    <subfield code="8">BTECHCSE</subfield>
    <subfield code="a">PIET</subfield>
    <subfield code="b">PIET</subfield>
    <subfield code="d">2010-07-29</subfield>
    <subfield code="e">The book company</subfield>
    <subfield code="g">10.00</subfield>
    <subfield code="k">2171</subfield>
    <subfield code="l">1</subfield>
    <subfield code="o">005.74 SID</subfield>
    <subfield code="p">16101</subfield>
    <subfield code="r">2024-07-27 00:00:00</subfield>
    <subfield code="s">2024-07-15</subfield>
    <subfield code="w">2010-07-19</subfield>
    <subfield code="y">BK</subfield>
  </datafield>
  <datafield tag="952" ind1=" " ind2=" ">
    <subfield code="0">0</subfield>
    <subfield code="1">0</subfield>
    <subfield code="2">ddc</subfield>
    <subfield code="4">0</subfield>
    <subfield code="7">0</subfield>
    <subfield code="8">BTECHCSE</subfield>
    <subfield code="a">PIET</subfield>
    <subfield code="b">PIET</subfield>
    <subfield code="d">2010-07-29</subfield>
    <subfield code="e">The book company</subfield>
    <subfield code="g">10.00</subfield>
    <subfield code="k">2171</subfield>
    <subfield code="l">0</subfield>
    <subfield code="o">005.74 SID</subfield>
    <subfield code="p">16102</subfield>
    <subfield code="r">2019-12-04 00:00:00</subfield>
    <subfield code="w">2010-07-19</subfield>
    <subfield code="y">BK</subfield>
  </datafield>
  <datafield tag="952" ind1=" " ind2=" ">
    <subfield code="0">0</subfield>
    <subfield code="1">0</subfield>
    <subfield code="2">ddc</subfield>
    <subfield code="4">0</subfield>
    <subfield code="7">0</subfield>
    <subfield code="8">BTECHCSE</subfield>
    <subfield code="a">PIET</subfield>
    <subfield code="b">PIET</subfield>
    <subfield code="d">2010-07-29</subfield>
    <subfield code="e">The book company</subfield>
    <subfield code="g">10.00</subfield>
    <subfield code="k">2171</subfield>
    <subfield code="l">0</subfield>
    <subfield code="o">005.74 SID</subfield>
    <subfield code="p">16103</subfield>
    <subfield code="r">2019-12-04 00:00:00</subfield>
    <subfield code="w">2010-07-19</subfield>
    <subfield code="y">BK</subfield>
  </datafield>
</record>
